Game of Thrones : le siège des grandes maisons - Statistiques

Statistiques générales
  • Ce quiz a été pris 31 fois
  • Le résultat moyen est 4 sur 8
Statistiques - réponses
Propositions Réponses % Correct
Stark Winterfell
100%
Lannister Castral Roc
67%
Tyrell Hautjardin
67%
Arryn Les Eyrié
50%
Greyjoy Les Iles de Fer
43%
Baratheon Accalmie
37%
Tully Vivesaigues
37%
Martell Lancehélion
23%
Aucun quiz correspondant
Distribution des résultats
% des personnes avec chaque résultat
Percentile par nombre de réponses
Votre historique - résultats
Vous n’avez pas pris ce quiz